| 000 | 00576nam a2200193 4500 | ||
|---|---|---|---|
| 005 | 20241010114519.0 | ||
| 010 | _aENG-142016 | ||
| 020 |
_a9789387102781 _c350.00 |
||
| 035 | _aEN-125548 | ||
| 037 | _bDBAD | ||
| 082 | _a659.11 | ||
| 100 |
_aNatarajan, V. _972552 |
||
| 245 |
_aSocial Issues in Literature and Media/ _cby V. Natarajan |
||
| 250 | _a1 | ||
| 260 |
_aMadurai _bShanlax Publications _c2018 |
||
| 270 |
_a61,66 Vasantha Nagar _bMadurai _e625003 _mshanlaxpublications@gmail.com |
||
| 300 |
_a171p. _c24cm(Pb) |
||
| 942 |
_2ddc _cEN _h659.11 _mNAT |
||
| 999 |
_c206231 _d206231 |
||